Reliez le animé à son personnage #1 Click - Statistiques

Statistiques générales
  • Ce quiz a été pris 59 fois
  • Le résultat moyen est 15 sur 30
Statistiques - réponses
Hint Réponse % Correct
Vegeta Dragon Ball Z
90%
Sacha Ketchum Pokémon
88%
Sakura Haruno Naruto Shippûden
85%
Nami One Piece
85%
Ichigo Kurosaki Bleach: Thousand-Year Blood War
83%
Tanjirō Kamado Demon Slayer: Kimetsu no Yaiba
83%
Hisoka Hunter × Hunter
83%
Mikasa Ackermann L'Attaque des Titans
83%
Izuku Midoriya My hero academia
80%
Edward Elric Fullmetal Alchemist: Brotherhood
78%
Thorfinn Vinland Saga
75%
Harley Quinn Suicide Squad Isekai
73%
Jinx Arcane
68%
David Martinez Cyberpunk: Edgerunners
48%
Yugo Wakfu
45%
Spike Spiegel Cowboy Bebop
38%
Yumeko Jabami Gambling School
38%
Maomao Kusuriya no hitorigoto
30%
Rudo Surebrec Gachiakuta
28%
Shinichi Izumi Parasite : la maxime
28%
Kôichi Sakakibara Another
23%
Tohru Honda Fruits Basket *2019
20%
Göll Valkyrie Apocalypse
20%
Haruka Sakura Wind Breaker
20%
Taiki Inomata Blue Box
18%
Misato Katsuragi Neon Genesis Evangelion
18%
Alexia Midgar The Eminence in Shadow
15%
Shiki Ichinose TOUGEN ANKI
13%
Eleina Lazarus
3%
Eiko Terminator Zero
3%
Aucun quiz correspondant
Distribution des résultats
% des personnes avec chaque résultat
Percentile par nombre de réponses
Votre historique - résultats
Vous n’avez pas pris ce quiz